Statistics for Official Cities in Wales

Click here to take the quiz!

General Stats

  • This quiz has been taken 17 times
  • The average score is 5 of 7

Answer Stats

CountryCity% Correct
WalesCardiff
100%
WalesNewport
92%
WalesSwansea
92%
WalesBangor
75%
WalesSt Davids
75%
WalesWrexham
75%
WalesSt Asaph
33%

Score Distribution

Percentile by Number Answered

Percent of People with Each Score

Your Score History

You have not taken this quiz